000 02362cam a2200445 i 4500
001 ocn956583746
003 OCoLC
005 20220401144046.0
008 160805t20172017mdu b 001 0 eng
010 _a 2016033705
016 7 _a018219975
_2Uk
020 _a9781442249776
_q(hardcover
_qalkaline paper)
020 _a1442249773
_q(hardcover
_qalkaline paper)
020 _a9781442249837
_q(paperback
_qalkaline paper)
020 _a1442249838
_q(paperback
_qalkaline paper)
024 8 _a40026578701
029 1 _aAU@
_b000058529338
035 _a(OCoLC)956583746
040 _aDLC
_beng
_erda
_cTZ-ArACH
042 _apcc
049 _aTZAA
050 0 0 _aHQ789
_b.W35 2017
100 1 _aWall, John,
_d1965-
_eauthor.
245 1 0 _aChildren's rights :
_btoday's global challenge /
_cJohn Wall.
260 _aBlue Ridge Summit :
_bRowman & Littlefield Publishers,
_c2017.
300 _av, 191 pages ;
_c23 cm
504 _aIncludes bibliographical references and index.
505 0 _aWhy children's rights -- Theoretical controversies -- Historical ambiguities -- Education in an age of globalization -- The new child slavery -- The right to vote -- Today's global challenge.
520 _a"This accessible and authoritative book provides the first systematic overview of the global children's rights movement. It introduces both beginners and experts to child and youth rights in all their theoretical, historical, cultural, political, and practical complexity. In the process, the book examines key controversies about globalization, cultural relativism, social justice, power, economics, politics, freedom, ageism, and more. Combining vivid examples with cutting-edge scholarship, Children's Rights: Today's Global Challenge lifts up the rights of the youngest third of humanity as the major human rights challenge of the twenty-first century."--Publisher's website.
650 0 _aChildren's rights.
650 0 _aChild labor.
650 0 _aChild slaves.
650 0 _aChildren
_xLegal status, laws, etc.
650 7 _aChild labor.
_2fast
650 7 _aChild slaves.
_2fast
650 7 _aChildren
_xLegal status, laws, etc.
_2fast
650 7 _aChildren's rights.
_2fast
776 0 8 _iOnline version:
_aWall, John, 1965-
_tChildren's rights.
_dLanham : Rowman & Littlefield, [2017]
_z9781442249783
_w(DLC) 2016037456
942 _2lcc
_cBOOK
999 _c5361
_d5361